| 000 | 00854nam a2200229 a 4500 | ||
|---|---|---|---|
| 001 | 39300 | ||
| 003 | BD-RjUL | ||
| 005 | 20211209052948.0 | ||
| 008 | 160407s1965 bg ||||e |||| 00| 0 ben d | ||
| 020 | _c: PRs. 2.00 | ||
| 035 | _a(BD-RjUL) 39413 | ||
| 040 |
_aBD-RjUL _bben _cBD-RjUL |
||
| 041 | _aben | ||
| 082 |
_223 _a891.441 _bHOS 1965 |
||
| 100 |
_aহোসেন, সুফী মোতাহার _9126259 |
||
| 245 | 1 | 0 |
_aসনেট সংকলন / _cসুফী মোতাহার হোসেন |
| 260 |
_aফরিদপুর : _bসুফী মোতাহার হোসেন সনেট প্রকাশনা পরিষদ, _c১৯৬৫ |
||
| 300 |
_a[১৪], ১০০ পৃ. ; _c২২ সেমি. |
||
| 650 |
_aবাংলা কবিতা _9126260 |
||
| 650 |
_aBengali Poetry _9126261 |
||
| 942 |
_2ddc _cBK |
||
| 999 |
_c39300 _d39300 |
||